00566nam a2200157 a 450000100060000000300090000600800410001502000120005604000280006808200160009611101210011224500840023326000590031730000080037665000240038413666CO-ViMGA141112s2004 ck r 000 u spa d a9298125 aCO-ViMGAbspacCO-ViMGA04a025.17 S354 aSeminario sobre el Sistema Nacional de Archivos de Colombia. (1o. 1992. Santafé de Bogotá : 4 al 6 de noviembre)10aMemorias del primer seminario sobre el sistema nacional de archivos de Colombia aSantafé de Bogotá : bArchivo de la Nacion, c1993 a27614aARCHIVOS - COLOMBIA